De veritate. Edición bilingüe latín - español
-д хадгалсан:
| Үндсэн зохиолч: | |
|---|---|
| Бусад зохиолчид: | , |
| Формат: | Үл мэдэгдэх |
| Хэл сонгох: | англи |
| Хэвлэсэн: |
Salamanca, España
Sígueme,
2019
|
| Цуврал: | Hermeneia. Filosofía
|
| Нөхцлүүд: | |
| Шошгууд: |
Шошго нэмэх
Шошго байхгүй, Энэхүү баримтыг шошголох эхний хүн болох!
|
MARC
| LEADER | 00000 a2200000 4500 | ||
|---|---|---|---|
| 003 | CL-VaPUC | ||
| 005 | 20240527113303.0 | ||
| 008 | 240523t2019 ||||| |||| 00| 0 eng d | ||
| 999 | |c 443701 |d 443699 | ||
| 020 | |a 9788430120192 | ||
| 040 | |c Pontificia Universidad Católica de Valparaíso | ||
| 082 | 0 | 4 | |2 22 |a 241.4 ANS 2019 |
| 100 | 1 | |a Anselmo de Canterbury |e autor |9 888846 | |
| 245 | 1 | 0 | |a De veritate. Edición bilingüe latín - español |
| 260 | |a Salamanca, España |b Sígueme, |c 2019 | ||
| 300 | |a 124 páginas | ||
| 490 | 0 | |a Hermeneia. Filosofía |n , 121 | |
| 583 | |k GC |c 20240523 | ||
| 650 | 1 | |a Verdad |x Aspectos religiosos |x Cristianismo |9 889042 | |
| 650 | 1 | |a Moral cristiana |9 464237 | |
| 700 | |a Otero Pereira, Eduardo |e edición |e introducción y traducción |9 889041 | ||
| 700 | |a García-Baró, Miguel |e epílogo |9 881747 | ||
| 942 | |2 ddc |c BK | ||
| 952 | |0 0 |1 0 |2 ddc |4 0 |6 241_400000000000000_ANS_2019 |7 0 |8 A |9 594802 |a BIBTEO |b BIBTEO |d 2024-05-20 |e 8 |g 15400.00 |i 5661406 |o 241.4 ANS 2019 |p 5661406 |r 2025-01-17 |t 1 |v 15400.00 |w 2024-05-20 |y BK |k ICR | ||